'Per Capita' Quiz Stats

 Plays Quiz Updated Nov 16, 2018

Challenge
Share
Tweet
Embed
Score 0/24 Timer 06:00
2 Plays Today
Most Per Capita Country % Correct
McDonalds RestaurantsUnited States
99%
AbortionsRussia
87.5%
Golf CoursesUnited Kingdom
87%
Nuclear Energy ConsumptionSweden
63.1%
US-Dollar-MillionairesNorway
56.6%
Deaths by Malaria (Plasmodium falciparum)South Africa
56.2%
CoffeeFinland
54.1%
Air Force PersonnelIsrael
50.4%
PsychologistsArgentina
47.3%
Personal ComputersSwitzerland
47.2%
Deaths by HomicideColombia
45.7%
Rice ProductionThailand
41.4%
Most Per Capita Country % Correct
Cigarette ConsumptionGreece
41.4%
BeerCzechia
38%
Chess GrandmastersIceland
37.9%
TeaTurkey
37.9%
Alcohol ConsumptionLuxembourg
31.4%
Mobile Cellular TelephonesUnited Arab Emirates
30.1%
Television SetsMonaco
27.9%
Army TanksLibya
16.4%
Library BooksGeorgia
13.3%
Deaths by Powered LawnmowerMoldova
9.1%
Roller CoastersBrunei
8.7%
Jehovah's WitnessesZambia
5.8%

You're not logged in!

Compare scores with friends on all Sporcle quizzes.
OR
Log In

You Might Also Like...

Show Comments

Extras

Top Quizzes Today


Score Distribution

Your Account Isn't Verified!

In order to create a playlist on Sporcle, you need to verify the email address you used during registration. Go to your Sporcle Settings to finish the process.

Report this User

Report this user for behavior that violates our Community Guidelines.

Details: